British monarchs - Statistics

General Stats
  • This quiz has been taken 31 times
  • The average score is 11 of 13
Answer Stats
From Answer % Correct
8 September 2022 Charles III
96%
6 February 1952 Elizabeth II
96%
6 May 1910 George V
93%
20 June 1837 Victoria
93%
1 August 1714 George I
89%
11 June 1727 George II
86%
11 December 1936 George VI
86%
22 January 1901 Edward VII
82%
20 January 1936 Edward VIII
82%
25 October 1760 George III
82%
29 January 1820 George IV
82%
1 May 1707 Anne
75%
26 June 1830 William IV
61%
No matching quizzes found
Score Distribution
Percent of People with Each Score
Percentile by Number Answered
Your Score History
You have not taken this quiz